00511nam a2200133 a 450000500170000000800410001704000100005804100080006804400070007610000300008324502050011326000490031830000100036720141126140349.0140124b2005 ck ||||| |||| 00| 0 spa d c22473 aspa ack aBarrios Leal, Dora Yovana aEvaluación genética de los bosques de roble (Quercus humboltii bonpl) en la jurisdicción de la línea de investigación en conservación de la biodiversidad en paisajes ruralesbinforme final aCalibInstituto Alexander von Humboldtc2005 a27 p.